000 00379nam a22001577a 4500
005 20170916114024.0
008 170916b xxu||||| |||| 00| 0 eng d
020 _a978-93-83725-91-5
041 _aeng
082 _a384.5
100 _aSINGH, DR PARAMVEER
_93927
245 _aRADIO PRODUCTION
260 _aNEW DELHI
_bKALAPNA PRAKASHAN
_c2017
300 _a200p.
942 _cBK
999 _c5571
_d5569